Construcciones invenciones (Record no. 509)

MARC details
000 -LEADER
campo de control de longitud fija 01504nam a22001577a 4500
008 - DATOS DE LONGITUD FIJA--INFORMACIÓN GENERAL
campo de control de longitud fija 150410b xxu||||| |||| 00| 0 eng d
020 ## - NÚMERO INTERNACIONAL ESTÁNDAR DEL LIBRO
Número Internacional Estándar del Libro 9789930944387
082 ## - NÚMERO DE LA CLASIFICACIÓN DECIMAL DEWEY
Número de clasificación 709.972.86
Número de ítem Ch 512c
100 ## - ENTRADA PRINCIPAL--NOMBRE DE PERSONA
Nombre de persona Chavaria Zamora, Maria Jose (curadora)
9 (RLIN) 2376
245 ## - MENCIÓN DEL TÍTULO
Título Construcciones invenciones
Resto del título de la Suiza Centroamericana al pais mas feliz del mundo
Mención de responsabilidad, etc. Chavaria Zamora, Maria Jose (curadora), Resenterra Quiros, Fiorella (prologo), Artavia Vindas, Adriana (fotografa)
260 ## - PUBLICACIÓN, DISTRIBUCIÓN, ETC.
Lugar de publicación, distribución, etc. San Jose, Costa Rica
Nombre del editor, distribuidor, etc. Museo de Arte y Diseño Contemporaneo MADC
Fecha de publicación, distribución, etc. 2013
300 ## - DESCRIPCIÓN FÍSICA
Extensión 81 p.
Otras características físicas ill. (col)
Dimensiones 21 cm.
505 ## - NOTA DE CONTENIDO CON FORMATO
Título La Suiza Centroamericana
Mención de responsabilidad Fiorella Resenterra
Título De construcciones e invenciones
Mención de responsabilidad Maria Jose Chavarria
Título Obras y sinopsis
-- Textos de los conversatorios en torno a la exposicion
Mención de responsabilidad Victor Hugo Acuña (Historiador), Pablo Hernández (filosofo), Marta Rosa Cardoso (Historiadora del arte), Javier Calvo (artista), Carlos Sojo (sociologo), Anna Matteucci (artista), Edgar León (artista), Mauricio Menjivar (sociologo), José Alberto Hernández (artista), Fernando Benach (artista), Roberto Guerrero (artista), Sergio Villena (sociologo), Emilia Villegas (artista), Jurgen Ureña (productor audiovisual), Pablo Ortega Rodriguez (productor audiovisual), Gabriela Hernández (productora audiovisual).
650 ## - PUNTO DE ACCESO ADICIONAL DE MATERIA--TÉRMINO DE MATERIA
Subdivisión general Historia del arte-Costa Rica
-- arte-Costa Rica
-- Catalogos de arte
9 (RLIN) 2377
700 ## - ENTRADA AGREGADA--NOMBRE PERSONAL
Nombre de persona Maria Jose Chavaria Zamora (curadora), Fiorella Resenterra Quiros (prologo), Adriana Artavia Vindas,(fotografa)
9 (RLIN) 2378
Holdings
Estatus retirado Estado de pérdida Fuente del sistema de clasificación o colocación Estado de daño No para préstamo Biblioteca de origen Biblioteca actual Ubicación en estantería Fecha de adquisición Total de préstamos Signatura topográfica completa Código de barras Visto por última vez Fecha del último préstamo Precio de reemplazo Tipo de ítem Koha
    Clasificación Decimal Dewey     Biblioteca LadoV Biblioteca LadoV   10/04/2015 1 709.972.86 Ch 512c 004032 05/09/2019 13/03/2019 10/04/2015 Material 01